Motor Kamil Haťapka sa už takmer štyridsať rokov venuje cyklistike

Bibliographic Details
Other Authors: Okrucký, Svetozár, 1951-2014 (Interviewer)
Format: Article
Language:Slovak
PhysicalDescription:Obr. 6.
Subjects:

MARC

LEADER 00000nab a2200000 a 4500
001 vtls000273999
003 SK-MaSNL
005 20260303210811.0
008 160215c1987 xo 0 slo
015 |a SNBRB19rr/mm-uuuuu 
035 |a CL0284113 
040 |a SNKBUCL  |b slo  |c SNKBUCL  |e AACR2 
041 0 |a slo 
044 |a xo  |c SK 
080 |a 796.61.071.4  |2 1981 
080 |a 929 Haťapka, Kamil  |2 1981 
100 1 |a Haťapka, Kamil,  |d 1932-  |4 ive  |9 235480 
245 1 0 |a Motor  |b Kamil Haťapka sa už takmer štyridsať rokov venuje cyklistike  |c Kamil Haťapka, Svetozár Okrucký 
300 |b Obr. 6. 
600 1 7 |a Haťapka, Kamil,  |d 1932-  |2 snkbucl  |9 235480 
655 7 |a rozhovory  |2 snkbucl  |9 31831 
655 7 |a články z novín a časopisov  |2 snkbucl  |9 267496 
700 1 |a Okrucký, Svetozár,  |d 1951-2014  |4 ivr  |9 169727 
773 0 |t Slovensko  |g Roč. 11, č. 3 (1987), s. 26-27 
850 |a Slovenská národná knižnica v Martine  |a MTA001 
852 |a SNK  |b KIS3GCP 
958 |a BX 
958 |a RK 
992 |a RBX 
999 |c 2201809  |d 2203739